MENTAL HEALTH & PSYCHIATRIC NURSING FOR GNM (Record no. 16647)

MARC details
000 -LEADER
fixed length control field 00336nam a22001457a 4500
003 - CONTROL NUMBER IDENTIFIER
control field SGT
020 ## - INTERNATIONAL STANDARD BOOK NUMBER
International Standard Book Number 978-93-7473-626-5
082 ## - DEWEY DECIMAL CLASSIFICATION NUMBER
Classification number 610.73678
Item number M18S
100 ## - MAIN ENTRY--PERSONAL NAME
Personal name SEBASTION, JIBI
245 ## - TITLE STATEMENT
Title MENTAL HEALTH & PSYCHIATRIC NURSING FOR GNM
250 ## - EDITION STATEMENT
Edition statement 2ND
260 ## - PUBLICATION, DISTRIBUTION, ETC. (IMPRINT)
Place of publication, distribution, etc INDIA
Name of publisher, distributor, etc AITBS
Year of Publication 2018
300 ## - PAGE DESCRIPTION
No. of Pages 444
942 ## - ADDED ENTRY ELEMENTS (KOHA)
Source of classification or shelving scheme Dewey Decimal Classification
Koha item type Books
942 ## - ADDED ENTRY ELEMENTS (KOHA)
-- 57
Holdings
Withdrawn status Lost status Source of classification or shelving scheme Damaged status Not for loan Collection code Home library Current library Shelving location Date acquired Vendor Name Cost, normal purchase price SGTU Bill Number Total Checkouts Full call number Accession No. (Barcode) Date last seen Date last borrowed Bill Date Koha item type
    Dewey Decimal Classification     NURSING SGT Medical Library SGT Medical Library Reference Book 23/01/2019 ABC 399.00 SGTU 10396 52 610.73678 M18S FN4008 19/12/2025 12/12/2025 08/12/2018 Books
    Dewey Decimal Classification     NURSING SGT Medical Library SGT Medical Library Reference Book 23/01/2019 ABC 399.00 SGTU 10396 29 610.73678 M18S FN4009 19/12/2025 12/12/2025 08/12/2018 Books